M25 Group Ltd v John James Tudor and others (Record no. 73993)
[ view plain ]
| 000 -LEADER | |
|---|---|
| fixed length control field | 02117cam a2200277 4500 |
| 001 - CONTROL NUMBER | |
| control field | ABS67354 |
| 008 - FIXED-LENGTH DATA ELEMENTS--GENERAL INFORMATION | |
| fixed length control field | 031222n2003 000 0 eng u |
| 035 ## - SYSTEM CONTROL NUMBER | |
| System control number | (Sirsi) u124678 |
| 245 ## - TITLE STATEMENT | |
| Title | M25 Group Ltd v John James Tudor and others |
| Medium | [electronic resource] |
| 260 ## - PUBLICATION, DISTRIBUTION, ETC. | |
| Date of publication, distribution, etc. | 2003 |
| 490 ## - SERIES STATEMENT | |
| Series statement | Estates Gazette |
| Volume/sequential designation | [2004] 06 EG 146-151(6) |
| 520 ## - SUMMARY, ETC. | |
| Summary, etc. | [2003] EWCA Civ 1760 CA, 4 December 2003. Appellant M acquired the freehold reversion of a block of flats occupied by the respondent tenants T, who had not been given first refusal by the previous owner as required by the Landlord and Tenant Act 1987 Part I before the sale to M. T served notice on M under s11A of the Act to trigger their right to purchase the property. M queried the validity of the notice because it had failed to state the addresses of T's flats as required by s54(2). T brought proceedings against M for failing to respond to their notice in time for them to exercise their right to purchase. The judge dismissed M's invalid notice claim, stating that M had been made aware of the addresses and the s54 requirement was not mandatory. Appeal on the issue whether that requirement was mandatory or directory. "Held": appeal dismissed. The notice was valid. The substantive provisions here were the right to acquire the freehold. The s11A notice and s54 statement of addresses were secondary or machinery requirements, of which the notice was essential machinery and the s54 requirement merely supportive. |
| 590 ## - LOCAL NOTE (RLIN) | |
| Local note | ABS |
| 650 ## - SUBJECT ADDED ENTRY--TOPICAL TERM | |
| Topical term or geographic name entry element | LANDLORD AND TENANT ACT 1987 S54(2) |
| 650 ## - SUBJECT ADDED ENTRY--TOPICAL TERM | |
| Topical term or geographic name entry element | LANDLORD AND TENANT ACT 1987 S12A-D |
| 650 ## - SUBJECT ADDED ENTRY--TOPICAL TERM | |
| Topical term or geographic name entry element | LANDLORD AND TENANT ACT 1987 S11A |
| 650 ## - SUBJECT ADDED ENTRY--TOPICAL TERM | |
| Topical term or geographic name entry element | FREEHOLD REVERSION |
| 650 ## - SUBJECT ADDED ENTRY--TOPICAL TERM | |
| Topical term or geographic name entry element | FIRST REFUSAL |
| 650 ## - SUBJECT ADDED ENTRY--TOPICAL TERM | |
| Topical term or geographic name entry element | LANDLORD AND TENANT ACT 1987 S3A |
| 650 ## - SUBJECT ADDED ENTRY--TOPICAL TERM | |
| Topical term or geographic name entry element | LANDLORD AND TENANT ACT 1987 S3 |
| 650 ## - SUBJECT ADDED ENTRY--TOPICAL TERM | |
| Topical term or geographic name entry element | M25 GROUP LTD V TUDOR AND OTHERS |
| 650 ## - SUBJECT ADDED ENTRY--TOPICAL TERM | |
| Topical term or geographic name entry element | BELVEDERE COURT MANAGEMENT LTD V FROGMORE DEVELOPMENTS LTD |
| 690 ## - LOCAL SUBJECT ADDED ENTRY--TOPICAL TERM (OCLC, RLIN) | |
| Topical term or geographic name as entry element | LANDLORD AND TENANT-RESIDENTIAL TENANCIES-CASE LAW |
| 856 ## - ELECTRONIC LOCATION AND ACCESS | |
| Uniform Resource Identifier | <a href="https://www3.eurolii.org/ew/cases/EWCA/Civ/2003/1760.html">https://www3.eurolii.org/ew/cases/EWCA/Civ/2003/1760.html</a> |
| Public note | View judgment at www3.eurolii.org |
| 942 ## - ADDED ENTRY ELEMENTS (KOHA) | |
| Suppress in OPAC | 0 |
| Withdrawn status | Lost status | Source of classification or shelving scheme | Damaged status | Not for loan | Home library | Current library | Shelving location | Date acquired | Total Checkouts | Full call number | Barcode | Date last seen | Copy number | Price effective from | Koha item type |
|---|---|---|---|---|---|---|---|---|---|---|---|---|---|---|---|
| Dewey Decimal Classification | London | London | Journal article | 22/12/2003 | ABS67354 | 124678-1001 | 06/08/2019 | 1 | 06/08/2019 | Law report |